New species of tiger beetle from India (<Coleoptera: Cicindelidae>) (Registro nro. 11048)

Detalles MARC
000 -CABECERA
Campo de control 005950000a22001930004500
090 ## - CLASIFICACIÓN LOCAL
Colección AR
Consecutivo 01971
041 0# - IDIOMA
Código de idioma para texto/pista de sonido o título separado
100 1# - ASIENTO PRINCIPAL--NOMBRE PERSONAL
Nombre personal Acciavatti, Robert E.
245 10 - MENCION DE TITULO
Título New species of tiger beetle from India (<Coleoptera: Cicindelidae>)
650 14 - ASIENTO SECUNDARIO DE MATERIA - TERMINO TEMATICO
Término temático o nombre geográfico como elemento de entrada Taxonomía animal
650 14 - ASIENTO SECUNDARIO DE MATERIA - TERMINO TEMATICO
Término temático o nombre geográfico como elemento de entrada Coleópteros
650 14 - ASIENTO SECUNDARIO DE MATERIA - TERMINO TEMATICO
Término temático o nombre geográfico como elemento de entrada Entomología
650 14 - ASIENTO SECUNDARIO DE MATERIA - TERMINO TEMATICO
Término temático o nombre geográfico como elemento de entrada Morfología
651 #4 - ASIENTO SECUNDARIO DE MATERIA - NOMBRE GEOGRAFICO
-- Balasore
-- Orissa
-- India
653 ## - TERMINO DE INDIZACION - NO CONTROLADO
-- Cicindelidae
-- Cicindela
700 1# - ASIENTO SECUNDARIO - NOMBRE PERSONAL
Nombre personal Cassola, Fabio
773 1# - Item fuente:
Título Annals of Carnegie Museum
Especificación de materiales 376
Descripción física 3
Paginas del Articulo 71-76
Lugar, editorial y fecha de publicación 1989
Información sobre la relación 58
942 ## - ELEMENTOS ADICIONALES (KOHA)
Tipo de ítem Artículo
Existencias
Withdrawn status Lost status Damaged status No para préstamo Colección Ubicación Permanente Ubicación actual Fecha de adquisición Datos de publicación Seriada Total Checkouts Número topográfico Inventario / Código de Barras Date last seen Ejemplar Price effective from Forma de adquisición Tipo de material
      No para Préstamo Hemeroteca Bogotá Bogotá 27/02/2015 Fuera de circulación   AR 01971 012345 25/03/2015 1 25/03/2015   Artículo